| 000 | 00800nas a2200241 a 4500 | ||
|---|---|---|---|
| 999 |
_c20241 _d20241 |
||
| 005 | 20180621163211.0 | ||
| 008 | 180621s1997 us mu|p|r|||| 00| 0 spa d | ||
| 022 | _a1665-7764 | ||
| 040 |
_aCO-BoIAVH _cCO-BoIAVH |
||
| 041 | 0 | _aspa | |
| 044 | _ack | ||
| 090 | _aSE | ||
| 245 | 0 | 0 | _aNational geographic en español |
| 260 |
_aMiami (Estados Unidos) : _bNational Geographic Society, _c1997-. |
||
| 300 |
_bilustraciones a color y fotografías a color ; _c26 cm. |
||
| 310 | _am | ||
| 650 | 2 | 6 |
_aGeografía _vPublicaciones periódicas |
| 650 | 2 | 6 |
_aCiencia _vPublicaciones periódicas |
| 650 | 2 | 6 |
_aViajes _vPublicaciones periódicas |
| 650 | 2 | 6 |
_aCultura _vPublicaciones periódicas |
| 710 | 2 | _aNational Geographic Society (U.S.) | |
| 942 |
_2z _cREVISTA _s1 |
||